Тризна по женщине; Морской герой: [О П. Я. В. Турденшолде]. Романы. Пер. норв.

Bibliografiske detaljer
Hovedforfatter: Холт К. Коре
Andre forfattere: Кан А. (автор предисловия), Сапожников А. В. (иллюстратор)
Sprog:russisk
Udgivet: Москва, Радуга, 1982
Fag:
Format: MixedMaterials Bog
KOHA link:https://koha.lib.tpu.ru/cgi-bin/koha/opac-detail.pl?biblionumber=128362

MARC

LEADER 00000nam0a2200000 4500
001 128362
005 20231031132711.0
020 |a RU  |b 82-63856 
035 |a (RuTPU)RU\TPU\book\138840 
090 |a 128362 
100 |a 20071226d1982 m y0rusy5003 ca 
101 1 |a rus  |c nor 
102 |a RU 
105 |a a z 000ay 
200 1 |a Тризна по женщине; Морской герой  |e [О П. Я. В. Турденшолде]. Романы. Пер. норв.  |f К. Холт  |g авт. предисл. А. Кан ; худож. А. В. Сапожников 
210 |a Москва  |c Радуга  |d 1982 
215 |a 336 с.  |c ил.  |d 21 см 
600 1 |a Турденшолд  |b Петер Янсен Вессель 
610 1 |a норвежская литература 
610 1 |a романы 
675 |a 83  |z rus 
700 1 |a Холт  |b К.  |g Коре  |4 070 
702 1 |a Кан  |b А.  |4 080 
702 1 |a Сапожников  |b А. В.  |4 440 
801 0 |a RU  |b RuMRKP  |c 19950704  |g psbo 
801 1 |a RU  |b 63413507  |c 20071226  |g PSBO 
801 2 |a RU  |b 63413507  |c 20071226  |g PSBO 
942 |c BK